Металлогения древних и современных океанов-99. Рудоносность гидротермальных систем: Материалы Пятой научной студенческой школы

Detalhes bibliográficos
Idioma:russo
Publicado em: Миасс, Изд-во ЮУрГУ, 1999
Assuntos:
Formato: Livro
KOHA link:https://koha.lib.tpu.ru/cgi-bin/koha/opac-detail.pl?biblionumber=11018

MARC

LEADER 00000nam0a2200000 4500
001 11018
005 20231030183428.0
010 |a 5769109416 
035 |a (RuTPU)RU\TPU\book\11088 
035 |a BOOK00011154 
090 |a 11018 
100 |a 20011209d1999 k y0rusy50 ca 
101 0 |a rus 
102 |a RU 
105 |a y z 100zy 
200 1 |a Металлогения древних и современных океанов-99. Рудоносность гидротермальных систем  |e Материалы Пятой научной студенческой школы 
210 |a Миасс  |c Изд-во ЮУрГУ  |d 1999 
215 |a 285 с. 
610 1 |a океаны 
610 1 |a металлогения 
610 1 |a гидротермальные системы 
610 1 |a рудоносность 
610 1 |a месторождения 
610 1 |a студенческие школы 
675 |a 551.46.06(063)  |v 3 
801 0 |a RU  |b 63413507  |c 20011209  |g PSBO 
801 2 |a RU  |b 63413507  |c 20070928  |g PSBO 
942 |c BK